European Countries Containing K - Statistics

General Stats
  • This quiz has been taken 92 times
  • The average score is 5 of 6
Answer Stats
Answer % Correct
United Kingdom
96%
Slovakia
95%
Denmark
90%
Ukraine
89%
Kosovo
88%
Turkey
64%
No matching quizzes found
Score Distribution
Percent of People with Each Score
Percentile by Number Answered
Your Score History
You have not taken this quiz